[Event "NATO-ch 33rd"]
[Site "Portoroz"]
[Date "2023.09.06"]
[Round "4"]
[White "Delfino, Luigi"]
[Black "Cirkvencic, Franci"]
[Result "1-0"]
[WhiteElo "2240"]
[BlackElo "1946"]
[PlyCount "67"]
[EventDate "2023.09.04"]
[EventType "swiss"]
[EventRounds "7"]
[EventCountry "SLO"]
[SourceTitle "EXT 2024"]
[Source "ChessBase"]
[SourceDate "2023.10.10"]
[SourceVersion "1"]
[SourceVersionDate "2023.10.10"]
[SourceQuality "1"]

1. e4 c5 2. Nf3 d6 3. d4 cxd4 4. Nxd4 Nf6 5. f3 e5 6. Nb3 Be6 7. c4 Be7 8. Be3 h5 9. Be2 Qc7 10. Na3 a6 11. Qd2 Nbd7 12. Rc1 b6 13. 0-0 Nc5 14. Na1 Qb7 15. N1c2 Rc8 16. Nb4 0-0 17. Nd5 Bxd5 18. cxd5 b5 19. Nc2 Bd8 20. Kh1 Bb6 21. b3 Rfe8 22. Qe1 Ncd7 23. Qd2 Nc5 24. Rfe1 Ncd7 25. Bf1 Rc7 26. Bxb6 Qxb6 27. Nb4 Rec8 28. Rc6 Rxc6 29. dxc6 Nb8 30. Nd5 Nxd5 31. exd5 a5 32. Qg5 Na6 33. Bd3 Nc5 34. Bf5 1-0

[Event "NATO-ch 33rd"]
[Site "Portoroz"]
[Date "2023.09.05"]
[Round "3"]
[White "Hansen, Stefan"]
[Black "Delfino, Luigi"]
[Result "1/2-1/2"]
[WhiteElo "2127"]
[BlackElo "2240"]
[PlyCount "64"]
[EventDate "2023.09.04"]
[EventType "swiss"]
[EventRounds "7"]
[EventCountry "SLO"]
[SourceTitle "EXT 2024"]
[Source "ChessBase"]
[SourceDate "2023.10.10"]
[SourceVersion "1"]
[SourceVersionDate "2023.10.10"]
[SourceQuality "1"]

1. d4 Nf6 2. Nf3 g6 3. Bg5 Bg7 4. Nbd2 d6 5. c3 h6 6. Bh4 g5 7. Bg3 Nh5 8. e3 Nd7 9. Be2 Nxg3 10. hxg3 a6 11. a4 c5 12. Qc2 e6 13. Nc4 Qe7 14. dxc5 Nxc5 15. b4 Nd7 16. e4 0-0 17. 0-0 g4 18. Nd4 Ne5 19. Nb6 Rb8 20. b5 a5 21. Rac1 h5 22. Qb3 Bh6 23. Rcd1 Kg7 24. c4 Rh8 25. f4 Qc7 26. Nxc8 Rbxc8 27. fxe5 dxe5 28. Nc2 Bg5 29. Ne1 Qc5+ 30. Kh2 h4 31. Bxg4 hxg3+ 32. Kxg3 Bf4+ 1/2-1/2

[Event "Campobasso op 21st"]
[Site "Campobasso"]
[Date "2014.07.20"]
[Round "5"]
[White "Delfino, Luigi"]
[Black "Carnicelli, Valerio"]
[Result "1-0"]
[WhiteElo "2227"]
[BlackElo "2137"]
[PlyCount "105"]
[EventDate "2014.07.18"]
[EventType "swiss"]
[EventRounds "6"]
[EventCountry "ITA"]
[SourceTitle "EXT 2016"]
[Source "ChessBase"]
[SourceDate "2015.10.08"]
[SourceVersion "1"]
[SourceVersionDate "2015.10.08"]
[SourceQuality "1"]

1. e4 e5 2. Nf3 Nc6 3. Bc4 Bc5 4. c3 Qe7 5. 0-0 d6 6. a4 a5 7. d4 Ba7 8. h3 Nf6 9. Re1 h6 10. Na3 g5 11. Bb5 Bd7 12. Nc4 g4 13. hxg4 Nxg4 14. Ne3 Nxe3 15. Bxe3 Qf6 16. dxe5 Nxe5 17. Nxe5 Qxe5 18. Bxd7+ Kxd7 19. Qb3 Qe6 20. Qb5+ Kc8 21. Qxa5 Rg8 22. Bxa7 Rg5 23. e5 Qh3 24. Qd5 c6 25. Re3 Qxe3 26. Bxe3 cxd5 27. Bxg5 hxg5 28. exd6 Kd7 29. Kf1 Kxd6 30. Ke2 Rh8 31. b4 Kc6 32. Ra2 Rh1 33. Ke3 Re1+ 34. Kd4 Re4+ 35. Kd3 Re1 36. g3 Rd1+ 37. Rd2 Ra1 38. a5 Rc1 39. Kd4 Re1 40. f3 f6 41. g4 Rf1 42. Rd3 Rc1 43. Rd2 Rf1 44. Ke3 Rc1 45. Kd3 Rf1 46. Ke2 Rc1 47. Rd3 Rc2+ 48. Ke3 Rc1 49. Kd2 Ra1 50. Re3 Kb5 51. Re7 Kc4 52. Rc7+ Kb3 53. Rxb7 1-0

[Event "Salento op 3rd"]
[Site "Gallipoli"]
[Date "2014.05.21"]
[Round "6"]
[White "Longson, Alexander"]
[Black "Delfino, Luigi"]
[Result "1-0"]
[WhiteElo "2338"]
[BlackElo "2212"]
[PlyCount "37"]
[EventDate "2014.05.17"]
[EventType "swiss"]
[EventRounds "9"]
[EventCountry "ITA"]
[SourceTitle "CBM 160 Extra"]
[Source "ChessBase"]
[SourceDate "2014.07.01"]
[SourceVersion "1"]
[SourceVersionDate "2014.07.01"]
[SourceQuality "1"]

1. e4 c5 2. Nf3 g6 3. c3 d5 4. exd5 Qxd5 5. d4 Bg7 6. Na3 cxd4 7. Bc4 Qe4+ 8. Be3 Nh6 9. Nb5 Na6 10. cxd4 0-0 11. Nc3 Qg4 12. h3 Qd7 13. g4 Nb4 14. a3 Qc6 15. Bb3 Nd3+ 16. Qxd3 Qxf3 17. Bd5 Qf6 18. g5 Qf5 19. Be4 1-0

[Event "Campobasso op 20th"]
[Site "Campobasso"]
[Date "2013.08.02"]
[Round "1"]
[White "Delfino, Luigi"]
[Black "Radice, Mario"]
[Result "1-0"]
[WhiteElo "2221"]
[BlackElo "1910"]
[PlyCount "46"]
[EventDate "2013.08.02"]
[EventType "swiss"]
[EventRounds "6"]
[EventCountry "ITA"]
[SourceTitle "EXT 2015"]
[Source "ChessBase"]
[SourceDate "2014.11.20"]
[SourceVersion "1"]
[SourceVersionDate "2014.11.20"]
[SourceQuality "1"]

1. e4 e5 2. Nf3 Nf6 3. Nxe5 d6 4. Nf3 Nxe4 5. Nc3 Nxc3 6. dxc3 Be7 7. Be3 0-0 8. Qd2 Nd7 9. 0-0-0 c6 10. h4 d5 11. g4 Nc5 12. Rg1 Ne4 13. Qe1 Bxh4 14. g5 Bxf2 15. Bxf2 Re8 16. Bd4 Nxg5 17. Qh4 f6 18. Nxg5 fxg5 19. Rxg5 g6 20. Rxg6+ hxg6 21. Qh8+ Kf7 22. Qh7+ Ke6 23. Re1+ Kd6 1-0

[Event "Grosseto op 2nd"]
[Site "Grosseto"]
[Date "2013.05.11"]
[Round "5"]
[White "Lazic, Miroljub"]
[Black "Delfino, Luigi"]
[Result "1/2-1/2"]
[WhiteElo "2476"]
[BlackElo "2210"]
[PlyCount "42"]
[EventDate "2013.05.09"]
[EventType "swiss"]
[EventRounds "6"]
[EventCountry "ITA"]
[SourceTitle "CBM 154 Extra"]
[Source "ChessBase"]
[SourceDate "2013.06.25"]
[SourceVersion "2"]
[SourceVersionDate "2013.06.25"]
[SourceQuality "1"]

1. g3 c5 2. e4 Nc6 3. Bg2 g6 4. Nc3 Bg7 5. d3 d6 6. Be3 Rb8 7. a4 a6 8. f4 Nh6 9. h3 f5 10. Nf3 0-0 11. 0-0 Nd4 12. Ng5 Kh8 13. Qd2 Nf7 14. Nxf7+ Rxf7 15. Nd1 b5 16. axb5 axb5 17. Nf2 b4 18. Rae1 e6 19. c3 Nb3 20. Qc2 bxc3 21. bxc3 Qa5 1/2-1/2

[Event "Grosseto op 2nd"]
[Site "Grosseto"]
[Date "2013.05.10"]
[Round "3"]
[White "Bini, Alessandro"]
[Black "Delfino, Luigi"]
[Result "0-1"]
[WhiteElo "1842"]
[BlackElo "2210"]
[PlyCount "66"]
[EventDate "2013.05.09"]
[EventType "swiss"]
[EventRounds "6"]
[EventCountry "ITA"]
[SourceTitle "CBM 154 Extra"]
[Source "ChessBase"]
[SourceDate "2013.06.25"]
[SourceVersion "2"]
[SourceVersionDate "2013.06.25"]
[SourceQuality "1"]

1. c4 c5 2. Nc3 g6 3. d4 Bg7 4. e3 Nc6 5. Nf3 d6 6. Be2 Nh6 7. 0-0 cxd4 8. exd4 Nf5 9. d5 Bxc3 10. bxc3 Na5 11. g4 Ng7 12. Bh6 0-0 13. Qd4 f6 14. Bxg7 Kxg7 15. Ng5 Kg8 16. Ne6 Bxe6 17. dxe6 b6 18. f4 Rc8 19. h4 Qc7 20. f5 Qc5 21. Rf4 gxf5 22. gxf5 Qxd4+ 23. Rxd4 Rc5 24. Rf1 Kh8 25. Kh2 Rg8 26. Bh5 Nxc4 27. Bf7 Rg7 28. Rff4 b5 29. a4 a6 30. axb5 axb5 31. Rg4 Ne3 32. Rxg7 Kxg7 33. Rd2 Nf1+ 0-1

[Event "Salento op 1st"]
[Site "Gallipoli"]
[Date "2012.05.20"]
[Round "3"]
[White "Arnetta, Maria Teresa"]
[Black "Delfino, Luigi"]
[Result "1/2-1/2"]
[WhiteElo "2020"]
[BlackElo "2190"]
[PlyCount "32"]
[EventDate "2012.05.19"]
[EventType "swiss"]
[EventRounds "9"]
[EventCountry "ITA"]
[SourceTitle "CBM 148 Extra"]
[Source "ChessBase"]
[SourceDate "2012.06.22"]
[SourceVersion "1"]
[SourceVersionDate "2012.06.22"]
[SourceQuality "1"]

1. e4 c5 2. b3 d6 3. Bb2 e6 4. Bb5+ Nd7 5. Bxd7+ Bxd7 6. Nf3 Bc6 7. d3 Nf6 8. Nbd2 Be7 9. Qe2 0-0 10. 0-0 Rc8 11. Rfe1 Nd7 12. a4 Bf6 13. e5 Nxe5 14. Nxe5 Bxe5 15. Bxe5 dxe5 16. Qxe5 Qd5 1/2-1/2

[Event "Salento op 1st"]
[Site "Gallipoli"]
[Date "2012.05.20"]
[Round "2"]
[White "Delfino, Luigi"]
[Black "Piscopo, Pierluigi"]
[Result "0-1"]
[WhiteElo "2190"]
[BlackElo "2366"]
[PlyCount "80"]
[EventDate "2012.05.19"]
[EventType "swiss"]
[EventRounds "9"]
[EventCountry "ITA"]
[SourceTitle "CBM 148 Extra"]
[Source "ChessBase"]
[SourceDate "2012.06.22"]
[SourceVersion "1"]
[SourceVersionDate "2012.06.22"]
[SourceQuality "1"]

1. e4 c5 2. Nf3 Nc6 3. d4 cxd4 4. Nxd4 e5 5. Nb5 d6 6. N1c3 a6 7. Na3 Be7 8. Nc4 b5 9. Ne3 Nf6 10. Bd3 0-0 11. Ncd5 Nxd5 12. Nxd5 Bg5 13. 0-0 Bxc1 14. Qxc1 Be6 15. c3 Bxd5 16. exd5 Ne7 17. a4 Qb6 18. Qc2 g6 19. Qb3 Rab8 20. axb5 axb5 21. Rfd1 Rfc8 22. Be2 Rc5 23. Qa2 b4 24. Qa7 Qxa7 25. Rxa7 bxc3 26. bxc3 Nxd5 27. Bf1 Nxc3 28. Rxd6 Rb1 29. g3 Nb5 30. Rd8+ Kg7 31. Rb7 Rcc1 32. Rdd7 Rxf1+ 33. Kg2 Rg1+ 34. Kh3 Kf6 35. Rb6+ Kg7 36. Rbb7 Kf6 37. Rb6+ Kg5 38. Rxf7 Nd4 39. Rd6 Nf5 40. Re6 Rb2 0-1

[Event "Giugliano op 5th"]
[Site "Giugliano"]
[Date "2010.09.26"]
[Round "4"]
[White "Grasso, Nino"]
[Black "Delfino, Luigi"]
[Result "0-1"]
[WhiteElo "1932"]
[BlackElo "2170"]
[PlyCount "88"]
[EventDate "2010.09.24"]
[EventType "swiss"]
[EventRounds "5"]
[EventCountry "ITA"]
[SourceTitle "EXT 2024"]
[Source "ChessBase"]
[SourceDate "2023.10.10"]
[SourceVersion "1"]
[SourceVersionDate "2023.10.10"]
[SourceQuality "1"]

1. e4 c5 2. d4 cxd4 3. c3 dxc3 4. Nxc3 Nc6 5. Nf3 d6 6. Bc4 a6 7. 0-0 Nf6 8. e5 dxe5 9. Qxd8+ Nxd8 10. Nxe5 Be6 11. Be3 Bxc4 12. Nxc4 Rc8 13. Nb6 Rc6 14. Rfc1 e6 15. Nca4 Be7 16. Nc8 Nd5 17. Nxe7 Kxe7 18. Bc5+ Kd7 19. Bd4 f6 20. Nc5+ Kd6 21. Ne4+ Kc7 22. f3 b6 23. a4 a5 24. g4 Nf7 25. Rxc6+ Kxc6 26. Rc1+ Kb7 27. g5 e5 28. Bf2 f5 29. Ng3 g6 30. h4 Nf4 31. Rd1 Rd8 32. Rxd8 Nxd8 33. Be1 Kc6 34. Bc3 Kd5 35. Kf2 Nc6 36. Nf1 Kc4 37. Nd2+ Kd3 38. Nb3 Nd5 39. Nc1+ Kc2 40. Ne2 Kb3 41. Nc1+ Kxa4 42. Bd2 Kb5 43. Nd3 Kc4 44. Ke2 Nd4+ 0-1

[Event "Giugliano op 5th"]
[Site "Giugliano"]
[Date "2010.09.24"]
[Round "1"]
[White "Delfino, Luigi"]
[Black "Scola, Enrico"]
[Result "1/2-1/2"]
[WhiteElo "2170"]
[BlackElo "1696"]
[PlyCount "60"]
[EventDate "2010.09.24"]
[EventType "swiss"]
[EventRounds "5"]
[EventCountry "ITA"]
[SourceTitle "EXT 2024"]
[Source "ChessBase"]
[SourceDate "2023.10.10"]
[SourceVersion "1"]
[SourceVersionDate "2023.10.10"]
[SourceQuality "1"]

1. e4 c5 2. Nf3 d6 3. d4 cxd4 4. Nxd4 Nf6 5. Nc3 a6 6. Bc4 e6 7. Bb3 Be7 8. f4 Nc6 9. Be3 Na5 10. Qf3 Nxb3 11. axb3 Qc7 12. 0-0 Bd7 13. Kh1 h5 14. e5 Ng4 15. exd6 Bxd6 16. Ncb5 Qb8 17. Nxd6+ Qxd6 18. Qxb7 0-0 19. Qf3 e5 20. fxe5 Qxe5 21. Bg1 Nxh2 22. Bxh2 Qxd4 23. Rad1 Qg4 24. Qf2 h4 25. Rd4 Qe6 26. Rxh4 Rae8 27. Rf4 Qe2 28. Qd4 Bc6 29. R4f2 Qh5 30. Kg1 Re4 1/2-1/2

[Event "Valenzano Citta di Bari op"]
[Site "Valenzano"]
[Date "2006.01.29"]
[Round "5"]
[White "De Giglio, Michele"]
[Black "Delfino, Luigi"]
[Result "1/2-1/2"]
[WhiteElo "1817"]
[BlackElo "2119"]
[PlyCount "102"]
[EventDate "2006.01.21"]
[EventType "swiss"]
[EventRounds "6"]
[EventCountry "ITA"]
[SourceTitle "EXT 2007"]
[Source "ChessBase"]
[SourceDate "2006.11.23"]
[SourceVersion "1"]
[SourceVersionDate "2006.11.23"]
[SourceQuality "1"]

1. e4 c5 2. Nf3 d6 3. g3 Nc6 4. Bg2 g6 5. 0-0 Bg7 6. d3 e5 7. Nc3 Nge7 8. Nd2 0-0 9. Nc4 Be6 10. Nd5 f5 11. c3 b5 12. Nxe7+ Nxe7 13. Ne3 f4 14. Nd5 g5 15. d4 cxd4 16. cxd4 Nxd5 17. exd5 Bf5 18. Re1 Rc8 19. Be4 Rc4 20. Bxf5 Rxf5 21. Qd3 Qc8 22. dxe5 Rxe5 23. Bd2 Rd4 24. Qc3 Qxc3 25. Bxc3 Rxe1+ 26. Rxe1 Rxd5 27. Bxg7 Kxg7 28. Re7+ Kg6 29. gxf4 gxf4 30. Rxa7 Kf5 31. Kg2 Ke4 32. Re7+ Re5 33. Rxh7 d5 34. h4 d4 35. h5 d3 36. h6 f3+ 37. Kg3 d2 38. Rd7 Rg5+ 39. Kh2 Rh5+ 40. Kg3 Rxh6 41. Rxd2 Rg6+ 42. Kh4 Rg1 43. Kh3 Re1 44. Rd8 Re2 45. Rb8 Rxb2 46. a4 b4 47. a5 Kd3 48. a6 Ra2 49. Rxb4 Ke2 50. Kg4 Kxf2 51. Rf4 Rxa6 1/2-1/2

[Event "NATO-ch 16th"]
[Site "Kolobrzeg"]
[Date "2005.08.23"]
[Round "3"]
[White "Karbowiak, Adam"]
[Black "Delfino, Luigi"]
[Result "1-0"]
[WhiteElo "2250"]
[BlackElo "2084"]
[PlyCount "57"]
[EventDate "2005.08.21"]
[EventType "swiss"]
[EventRounds "7"]
[EventCountry "POL"]
[SourceTitle "CBM 108 Extra"]
[Source "ChessBase"]
[SourceDate "2005.11.04"]
[SourceVersion "1"]
[SourceVersionDate "2005.11.04"]
[SourceQuality "1"]

1. Nf3 Nf6 2. c4 g6 3. g3 Bg7 4. Bg2 0-0 5. 0-0 d6 6. Nc3 e5 7. d3 c6 8. Rb1 a5 9. a3 Bg4 10. b4 Na6 11. b5 Nc5 12. Be3 Ne6 13. bxc6 bxc6 14. Qa4 Qc8 15. Rb6 Nd8 16. Rfb1 Re8 17. Nd2 Bd7 18. Nde4 Qc7 19. Bg5 Nxe4 20. Nxe4 Re6 21. Qb3 f6 22. Rb8 Ra7 23. Qb6 fxg5 24. Rxd8+ Re8 25. Rxe8+ Bxe8 26. Nxd6 Bd7 27. c5 h6 28. Be4 Kh7 29. Qb8 1-0

[Event "ITA-ch sf"]
[Site "Massafra"]
[Date "2005.06.21"]
[Round "4"]
[White "Di Michele, Rocco"]
[Black "Delfino, Luigi"]
[Result "1/2-1/2"]
[WhiteElo "2089"]
[BlackElo "2078"]
[PlyCount "60"]
[EventDate "2005.06.18"]
[EventType "swiss"]
[EventRounds "7"]
[EventCountry "ITA"]
[SourceTitle "CBM 106 Extra"]
[Source "ChessBase"]
[SourceDate "2005.07.01"]
[SourceVersion "1"]
[SourceVersionDate "2005.07.01"]
[SourceQuality "1"]

1. b3 Nf6 2. Bb2 g6 3. Bxf6 exf6 4. c4 Bg7 5. Nc3 f5 6. Rc1 b6 7. Nf3 Bb7 8. g3 Bxf3 9. exf3 0-0 10. Be2 Nc6 11. 0-0 f4 12. Re1 h5 13. Bf1 fxg3 14. hxg3 h4 15. Bh3 Bd4 16. Kg2 Kg7 17. f4 Rh8 18. Qg4 f5 19. Qe2 Qf6 20. Nd5 Qd6 21. g4 Raf8 22. gxf5 gxf5 23. Kh1 Bf6 24. Rg1+ Kh6 25. Nxf6 Qxf6 26. Rg5 Qf7 27. Rxf5 Nd4 28. Rxf7 Nxe2 29. Rxf8 Rxf8 30. Re1 Nxf4 1/2-1/2

[Event "ITA-ch sf"]
[Site "Massafra"]
[Date "2005.06.18"]
[Round "1"]
[White "Delfino, Luigi"]
[Black "Pizzuto, Samuele Tullio"]
[Result "1/2-1/2"]
[WhiteElo "2078"]
[BlackElo "2181"]
[PlyCount "85"]
[EventDate "2005.06.18"]
[EventType "swiss"]
[EventRounds "7"]
[EventCountry "ITA"]
[SourceTitle "CBM 106 Extra"]
[Source "ChessBase"]
[SourceDate "2005.07.01"]
[SourceVersion "1"]
[SourceVersionDate "2005.07.01"]
[SourceQuality "1"]

1. e4 d5 2. d3 dxe4 3. dxe4 Qxd1+ 4. Kxd1 e5 5. Be3 Nc6 6. c3 Be6 7. Nd2 0-0-0 8. Kc2 f5 9. f3 Nf6 10. Bd3 fxe4 11. Nxe4 Nd5 12. Bd2 Be7 13. Ne2 Rd7 14. Bb5 Rhd8 15. Rad1 Nf6 16. N2g3 Bd5 17. Be3 a6 18. Bd3 g6 19. b3 Bg8 20. h4 Nd5 21. Bd2 Ndb4+ 22. cxb4 Rxd3 23. h5 Bxb4 24. Bg5 Rxd1 25. Rxd1 Rxd1 26. Kxd1 gxh5 27. Nf6 Bf7 28. Nxh7 Bg6 29. Nf6 Be7 30. Nge4 Nd4 31. Nd5 Bxg5 32. Nxg5 Kd7 33. Kd2 c6 34. Nb6+ Ke7 35. Ne4 Ne6 36. Nc4 Bxe4 37. fxe4 Nf4 38. g3 Ng6 39. Na5 b6 40. Nxc6+ Kd6 41. Nb4 a5 42. Nd5 b5 43. a3 1/2-1/2